000 00658nam a22001937a 4500
005 20251108165503.0
008 250721s1979 xx 000 0 ara d
082 1 4 _aم/956.62/همذ
100 1 _aالهمذاني، أبو محمد الحسن بن أحمد بن يعقوب بن يوسف
245 1 0 _aكتاب الإكليل /
264 1 _aدمشق :
_bمطبعة الكاتب العربي،
_c1979.
300 _a10ج
650 1 7 _aاليمن
650 1 7 _aالتاريخ
650 1 7 _aالعصر الجاهلي
700 1 _aالحوالي، محمد بن علي بن الحسين الأكوع
_eتحقيق
942 _2ddc
_cREF
999 _c29066
_d29066